00983 a2200181 4500001000500000005001700005008004100022003001500063040004000078080006600118245001400184020001800198264004300216300001900259505039400278100002400672856010500696319120260407155425.0260407a2005 arg spa dAR-UNSa-BCEJYS aAR-UNSa-BCEJYSbspacAR-UNSa-BCEJYS a336.226xTipos de impuestos. Impuestos directos e indirectos 10aImpuestos a987-1140-26-6 1aBuenos Aires :bOsmar D. Buyattic2005 a173 p.c22 cm. a1. Impuesto al valor agregado - 2. Impuesto a las ganancias - 3. Impuesto a la ganancia mínima presunta - 4. Impuesto sobre los bienes personales - 5. Procedimiento - 6. Código aduanero - 7. Régimen simplificado. Régimen para pequeños contribuyentes eventuales - 8. Impuestos internos - 9. Ley de prevención de la evasión fiscal - 10. Impuesto a las transacciones financieras1 aChalupowicz, Israel41uhttps://biblioeco.unsa.edu.ar/pmb/images/libros/Impuestos-l116435.jpgyImagen de portadaqimage/jpeg